Frédéric Bazille (Record no. 1471)

MARC details
000 -CABECERA
campo de control de longitud fija 01104nam a2200253 a 4500
001 - NÚMERO DE CONTROL
campo de control BRCA_1676
005 - FECHA Y HORA DE LA ÚLTIMA TRANSACCIÓN
campo de control 20190320203514.0
008 - DATOS DE LONGITUD FIJA--INFORMACIÓN GENERAL
campo de control de longitud fija 920626s1992 nyua---##b---#000-0#eng-#
020 ## - NÚMERO INTERNACIONAL ESTÁNDAR DEL LIBRO
Número Internacional Estándar del Libro 0872731294
040 ## - FUENTE DE LA CATALOGACIÓN
Centro catalogador/agencia de origen DLC
Centro/agencia transcriptor DLC
Centro/agencia modificador DLC
041 ## - CÓDIGO DE LENGUA
Código de lengua del texto/banda sonora o título independiente eng
Código de lengua original fre
050 #4 - SIGNATURA TOPOGRÁFICA DE LA BIBLIOTECA DEL CONGRESO
Número de clasificación ND553.B3
Número de documento/Ítem .F74 1992
245 10 - MENCIÓN DE TÍTULO
Título Frédéric Bazille
Resto del título Prophet of Impressionism
Mención de responsabilidad, etc. [Aleth Jourdan ... [et al.]] ; translated by John Goodman.
260 ## - PUBLICACIÓN, DISTRIBUCIÓN, ETC.
Lugar de publicación, distribución, etc. Brooklyn, New York
Nombre del editor, distribuidor, etc. Brooklyn Museum
Fecha de publicación, distribución, etc. [1992]
300 ## - DESCRIPCIÓN FÍSICA
Extensión 176 p.
Otras características físicas il. (algunas a color)
Dimensiones 28 cm.
500 ## - NOTA GENERAL
Nota general Traducción de : Frédéric Bazille : et ses Amis Impressionnistes.
500 ## - NOTA GENERAL
Nota general Catálogo de la exposición realizada en Pavillion du Musee Fabre, 9 julio - 4 octubre 1992 en The Brooklyn Museum, 12 noviembre 1992 - 31 enero 1993 y en The Dixon Gallery and Gardens, Memphis, 14 febrero - 25 abril, 1993
504 ## - NOTA DE BIBLIOGRAFÍA, ETC.
Nota de bibliografía, etc. Bibliografía: p. 169-173
600 14 - PUNTO DE ACCESO ADICIONAL DE MATERIA--NOMBRE DE PERSONA
Nombre de persona Bazille, Frédéric
Fechas asociadas al nombre 1841-1870
Subdivisión general Exposiciones
9 (RLIN) 5230
650 14 - PUNTO DE ACCESO ADICIONAL DE MATERIA--TÉRMINO DE MATERIA
Término de materia o nombre geográfico como elemento de entrada Impresionismo (Arte)
Subdivisión general Exposiciones
Subdivisión geográfica Francia
9 (RLIN) 5231
700 1# - PUNTO DE ACCESO ADICIONAL--NOMBRE DE PERSONA
Nombre de persona Jourdan, Aleth
9 (RLIN) 5232
700 1# - PUNTO DE ACCESO ADICIONAL--NOMBRE DE PERSONA
Nombre de persona Goodman, John
9 (RLIN) 5233
942 ## - ELEMENTOS DE PUNTO DE ACCESO ADICIONAL (KOHA)
Fuente del sistema de clasificación o colocación Library of Congress Classification
Tipo de ítem Koha Libros
Holdings
Estado de retiro Estado de pérdida Estado dañado No para préstamo Localización permanente Ubicación/localización actual Fecha de adquisición Total de préstamos Signatura topográfica completa Código de barras Fecha visto por última vez Precio válido a partir de Tipo de ítem Koha
El ejemplar forma parte de la colección y puede ser consultado según las políticas vigentes.       Biblioteca del Museo Franz Mayer (Rogerio Casas-Alatriste) Biblioteca del Museo Franz Mayer (Rogerio Casas-Alatriste) 27/06/2008   ND553.B3 .F74 1992 02313 22/03/2019 22/03/2019 Libros